书目信息 |
| 题名: |
数学分析讲义
|
|
| 作者: | 刘玉琏 , 傅沛仁 编 | |
| 分册: | 上册 | |
| 出版信息: | 北京 人民教育出版社 1981 |
|
| 页数: | 415页 | |
| 开本: | 21cm | |
| 丛书名: | ||
| 单 册: | ||
| 中图分类: | O17 | |
| 科图分类: | ||
| 主题词: | 数学分析--教材 | |
| 电子资源: | ||
| ISBN: | ||
| 000 | 00693nam0 2200253 45 | |
| 001 | 0181005463 | |
| 005 | 20070802112909.54 | |
| 010 | @dCNY1.25 | |
| 091 | @a13012.0674 | |
| 100 | @a19950706d1981 em y0chiy0121 ea | |
| 101 | 0 | @achi |
| 102 | @aCN@b110000 | |
| 105 | @ay z 000yy | |
| 200 | 10 | @a数学分析讲义@Ashu xue fen xi jiang yi@h上册@f刘玉琏,傅沛仁编@Fliu yu lian,fu pei ren bian |
| 205 | @a2版 | |
| 210 | @a北京@c人民教育出版社@d1981 | |
| 215 | @a415页@d21cm | |
| 606 | @a数学分析@x教材 | |
| 690 | @aO17@v3 | |
| 701 | 0 | @a刘玉琏@Aliu yu lian@4编 |
| 701 | 0 | @a傅沛仁@Afu pei ren@4编 |
| 801 | 2 | @aCN@bNLC@c20070802 |
| 801 | 0 | @aCN@b上海图书馆@c20060519 |
| 905 | @dO17@e10:1=2 | |
| 数学分析讲义.上册/刘玉琏,傅沛仁编.-2版.-北京:人民教育出版社,1981 |
| 415页;21cm |
| ISBN :CNY1.25 |
| ● |
| 相关链接 |
|
|
|
|
正题名:数学分析讲义
索取号:O17/10:1=2
 
预约/预借
| 序号 | 登录号 | 条形码 | 馆藏地/架位号 | 状态 | 备注 |
| 1 | 0088101 | 202357136 | 密集书库/ [索取号:O17/10:1=2] | 在馆 | |
| 2 | 0088103 | 202297727 | 密集书库/ [索取号:O17/10:1=2] | 在馆 | |
| 3 | 0088105 | 000416892 | 第三借阅区/ [索取号:O17/10:1=2] | 在馆 | |
| 4 | 0088107 | 000417034 | 第三借阅区/ [索取号:O17/10:1=2] | 在馆 | |
| 5 | 0088108 | 202357181 | 密集书库/ [索取号:O17/10:1=2] | 在馆 | |
| 6 | 0088109 | 000417007 | 第三借阅区/ [索取号:O17/10:1=2] | 在馆 | |
| 7 | 0088110 | 202356985 | 密集书库/ [索取号:O17/10:1=2] | 在馆 | |
| 8 | 0122692 | 000416981 | 第三借阅区/ [索取号:O17/10:1=2] | 在馆 | |
| 9 | 0124165 | 202190217 | 密集书库/ [索取号:O17/10:1=2] | 在馆 | |
| 10 | 0124166 | 001693260 | 密集书库/ [索取号:O17/10:1=2] | 在馆 | |
| 11 | 0790658 | 207906587 | 密集书库/ [索取号:O17/10:1=2] | 在馆 |